[Event "World Team-ch Women 2019"]
[Site "Astana"]
[Date "2019.03.13"]
[Round "8.19"]
[White "Moaataz, Ayah"]
[Black "Nakhbayeva, Guliskhan"]
[Result "0-1"]
[WhiteElo "2036"]
[BlackElo "2295"]
[Annotator "TA"]
[PlyCount "80"]
[EventDate "2019.02.05"]
[EventType "team-tourn"]
[EventCountry "KAZ"]
[SourceTitle "playchess.com"]
[Source "ChessBase"]
[SourceQuality "1"]
[WhiteTeam "Egypt"]
[BlackTeam "Kazakhstan"]
[WhiteTeamCountry "EGY"]
[BlackTeamCountry "KAZ"]

{[%evp 9,80,-9,-2,-30,-35,-36,-37,-56,-41,-42,-39,-28,-48,-63,-62,-57,-58,-71,-70,-70,-50,-50,-51,-91,-87,-87,-89,-111,-113,-164,-167,-227,-236,-355,-354,-396,-390,-401,-316,-564,-371,-466,-468,-486,-460,-497,-487,-524,-668,-652,-629,-620,-663,-654,-637,-952,-873,-1220,-931,-1224,-911,-906,-906,-881,-844,-29984,-29985,-29988,-29988,-29988,-29989,-29989,-29990]} 1. c4 e5 2. g3 c6 3. d4 e4 4. Nc3 d5 (4... Bb4 5. Qb3 a5 6. Bf4 d5 7. e3 Nf6 8. a3 Bxc3+ 9. Qxc3 O-O 10. Ne2 h6 11. c5 {0-1 (27) Naiditsch,A (2734)-Anton Guijarro,D (2642) Caleta 2019}) 5. Bg2 Bb4 {LiveBook: 15 Games} 6. a3 {A20: English Opening: 1...e5} Bxc3+ 7. bxc3 Nf6 8. Bg5 $146 {Black is slightly better.} ({Predecessor:} 8. cxd5 cxd5 9. Bg5 O-O 10. Nh3 h6 11. Bxf6 Qxf6 {1-0 (34) Roque Sola,A (1895)-Johansen,A (1536) Oslo 2018}) 8... O-O 9. Bxf6 Qxf6 ({Much weaker is} 9... gxf6 $6 10. cxd5 cxd5 11. Nh3 $14) 10. e3 Nd7 11. Ne2 Nb6 12. cxd5 cxd5 13. O-O Bg4 14. h3 Bxe2 15. Qxe2 Rac8 16. a4 Rxc3 17. a5 {Qb2 is the strong threat.} Nc4 18. Rfb1 Qc6 19. Rc1 {[#]} (19. Bf1 $17) 19... Nxa5 $1 $19 {[%mdl 512]} 20. Qe1 (20. Rxc3 {keeps fighting.} Qxc3 21. Ra2) (20. Rxa5 Rxc1+) 20... Rxc1 21. Rxc1 (21. Qxc1 $142 a6 22. Qxc6 Nxc6 23. g4) 21... Nc4 22. Bf1 b5 23. Ra1 Qb6 24. Qb1 $2 (24. Qb4) 24... Rc8 25. Qa2 a5 {[%cal Ba7a5,Ba5a4,Ba4a3][%mdl 32]} 26. Be2 g6 27. Bd1 a4 28. Rb1 Qa5 {And now ...Qe1+ would win.} 29. Kg2 Kg7 30. g4 Ra8 31. Be2 a3 32. Ra1 Qc3 33. Rb1 b4 34. Bd1 Qd2 35. Bb3 Qxa2 36. Bxa2 Rb8 37. Bxc4 dxc4 {[%cal Bd5c4,Bc4c3,Bc3c2][%mdl 32] Black mates.} 38. d5 a2 39. Rd1 c3 40. d6 c2 {Precision: White = 31%, Black = 91%.} 0-1

[Event "World Team-ch Women 2019"]
[Site "Astana"]
[Date "2019.03.13"]
[Round "8.20"]
[White "Dauletova, Gulmira"]
[Black "Elansary, Eman"]
[Result "1/2-1/2"]
[WhiteElo "2263"]
[BlackElo "1944"]
[Annotator "TA"]
[PlyCount "225"]
[EventDate "2019.02.05"]
[EventType "team-tourn"]
[EventCountry "KAZ"]
[SourceTitle "playchess.com"]
[Source "ChessBase"]
[SourceQuality "1"]
[WhiteTeam "Kazakhstan"]
[BlackTeam "Egypt"]
[WhiteTeamCountry "KAZ"]
[BlackTeamCountry "EGY"]

{[%evp 21,225,33,42,31,33,19,104,108,168,185,177,176,166,177,212,110,114,110,252,245,258,242,231,130,130,124,127,77,54,63,101,92,92,95,157,92,81,59,60,59,65,68,51,40,33,-26,-25,-29,-25,-36,-34,-34,8,8,8,8,17,17,17,17,27,8,8,8,8,0,14,0,0,0,0,0,0,0,0,0,0,0,0,0,0,7,21,21,21,0,0,0,0,0,0,0,0,0,0,0,0,0,0,0,0,0,0,0,0,0,0,0,0,0,0,0,0,0,0,0,0,0,0,0,0,0,0,0,0,0,0,0,0,0,0,0,0,0,0,0,0,0,0,0,0,0,0,0,0,0,0,0,0,0,0,0,0,0,0,0,0,0,0,0,0,0,0,0,0,0,0,0,0,0,0,0,0,0,0,0,0,0,0,0,0,0,0,0,0,0,0,0,0,0,0,0,0,0,0,0,0,0,0,0,0,0,0,0,0,0]} 1. e4 Nf6 2. e5 Nd5 3. d4 d6 4. c4 Nb6 5. exd6 exd6 6. h3 Be7 7. Nf3 Bf5 8. Nc3 O-O 9. Be2 Nc6 10. O-O Bf6 11. Bf4 Re8 12. Rc1 {B03: Alekhine's Defence: Four Pawns Attack} a6 (12... Ne7 13. b3 c6 14. Re1 d5 15. Qd2 Ng6 16. Be3 Be6 17. c5 Nc8 18. Nh2 Nce7 19. g4 h6 {0-1 (58) Shcherbakov,R (2516)-Yuffa,D (2563) Cheliabinsk 2018}) 13. Re1 d5 (13... h6 $11 {remains equal.}) 14. c5 $16 {White is better.} Nc4 $146 {[#]} (14... Nc8 $16) ({Predecessor:} 14... Nc8 15. b4 N8e7 16. b5 axb5 17. Bxb5 Ng6 18. Rxe8+ Qxe8 19. Nxd5 Qd8 20. Nxf6+ gxf6 {1-0 (44) Richardson,A (2111)-Hamer,M (2017) England 2014}) 15. Nxd5 $1 $18 {[%mdl 512]} Qxd5 16. Bxc4 Rxe1+ 17. Qxe1 Qd7 {[#]} 18. Rd1 ({White should play} 18. d5 $1 $18 {[%cal Rd5c6]} Re8 19. Qd2) 18... Re8 $16 19. Qd2 Kf8 (19... Be4 $16 {keeps fighting.}) 20. d5 $18 Ne5 21. Bxe5 Bxe5 22. c6 (22. Nxe5 $18 Rxe5 23. Qb4) 22... bxc6 $16 23. Nxe5 Rxe5 24. dxc6 Qxd2 25. Rxd2 {[%mdl 4096] Endgame KRB-KRB} Rc5 26. Bxa6 Rxc6 27. Bb5 Rb6 (27... Rc1+ $142 28. Kh2 Be6) 28. a4 (28. Bc4 $142) 28... Ke7 29. f3 Be6 30. Kf2 c6 31. Be2 Rb4 32. a5 Ra4 33. b4 ({White should try} 33. Rc2 $14) 33... Rxb4 $11 34. a6 Ra4 35. Rb2 Bc8 36. Rb6 Kd6 37. Bb5 $1 {[%cal Rb5a4]} Ra2+ 38. Kg3 Kc5 39. Rxc6+ {[%mdl 64] Double Attack} Kxb5 40. Rxc8 {Hoping for Rc7.} Rxa6 {KR-KR} 41. Rg8 Rg6+ {The position is equal.} 42. Kf2 Kc6 43. h4 Kd6 44. g4 Ke6 45. Kg3 {h5 is the strong threat.} f5 46. g5 h6 47. Kf4 hxg5+ 48. hxg5 Kf7 $1 {[%cal Rf7g8]} 49. Ra8 Rb6 50. Kxf5 Rb5+ 51. Kg4 g6 52. Ra7+ Kg8 53. Ra3 Rb4+ 54. f4 Rb1 55. Kf3 Rb4 56. Ke3 Kf7 57. Ra7+ Kg8 58. Rd7 Ra4 59. Rd4 (59. f5 {keeps more tension.} gxf5 60. Rd6 Rg4 61. Ra6 Rc4 62. Kf3) 59... Ra7 60. Rd5 Kf7 61. Ke4 Re7+ 62. Kd4 Re1 63. Ra5 Rd1+ 64. Ke4 Re1+ 65. Kf3 Rf1+ 66. Ke3 Re1+ 67. Kf2 (67. Kd2 $5 {[%cal Rd2e1]} Re4 68. Rd5 $11) 67... Re7 68. Kf3 Kg7 69. Re5 (69. Ra1 {with more complications.} Rb7 70. Kg4 Rb3 71. Re1 Rb4 72. Re7+) 69... Rb7 70. Re6 Rb4 71. Re7+ Kf8 72. Rd7 Ra4 73. Ke3 Kg8 74. Rd4 (74. Rd6 {seems wilder.} Kg7 75. Rd7+ Kg8) 74... Ra7 75. Ke4 Re7+ 76. Kd5 Kf7 77. Kd6 Re1 78. Kd5 Re7 79. Ra4 Rd7+ 80. Ke4 Re7+ 81. Kd3 $1 Kg7 82. Re4 Rd7+ (82... Rf7 {is more complex.} 83. Re8 Rxf4 84. Ra8 Rf7 85. Ra6 Rf4) 83. Rd4 (83. Kc2 {looks sharper.} Rf7 84. Kb3 Ra7 85. Kc4 Ra1 86. Kd3) 83... Re7 (83... Rf7 {with more complications.} 84. Kc3 Ra7 85. Rc4 Kf7 86. Kd2 Rd7+) 84. Rd6 Kf7 85. Rb6 (85. f5 $5 gxf5 86. Rf6+ Kg7 87. Rxf5 $11) 85... Ra7 86. Rd6 Re7 87. Rf6+ Kg7 88. Rc6 Kf7 89. Kd4 Re1 90. Rf6+ Kg7 91. Kd5 Rd1+ 92. Ke6 Re1+ 93. Kd7 Re4 94. Kd6 Re1 95. Re6 Rd1+ 96. Kc5 Kf7 97. Rf6+ Kg7 98. Rd6 Rc1+ 99. Kd5 Rd1+ 100. Kc6 (100. Ke6 {keeps more tension.} Re1+ 101. Kd7 Rf1 102. Rf6 Rc1 103. f5) 100... Rc1+ 101. Kd7 Rc4 102. Rf6 Re4 103. Kd6 Re1 104. Kd5 Rd1+ 105. Ke4 Re1+ 106. Kd3 Re7 107. Kd4 Re1 108. Rc6 Rd1+ 109. Ke3 Re1+ 110. Kf2 {White threatens Rc7+ and mate.} Re7 111. Kf3 Re1 112. Rc7+ Kg8 113. Rc3 {Accuracy: White = 44%, Black = 67%.} 1/2-1/2